| 000 | 01135nam a22003497a 4500 | ||
|---|---|---|---|
| 003 | CHAP | ||
| 005 | 20220329134815.0 | ||
| 008 | 971013s1973 r 00010 d | ||
| 010 | _a26275 | ||
| 011 | _a27247 | ||
| 035 | _a31348 | ||
| 040 | _cCHAP | ||
| 082 |
_a584.9 _bB8 |
||
| 100 | 0 | 0 |
_aButler, G. W. _eed. _916431 |
| 245 | _aChemistry and biochemistry of herbage | ||
| 260 |
_aLondon : _bAcademic Press, _c1973 |
||
| 300 |
_a3 v. _b; gráfs. |
||
| 500 | _aLa bilioteca tiene : v.1, v.2 | ||
| 590 |
_aBATCH-UPD _b10 _c20130110 _lUCH01 _h2021 |
||
| 590 |
_aBATCH-UPD _b10 _c20130410 _lUCH01 _h1339 |
||
| 590 |
_aBATCH-UPD _b10 _c20130914 _lUCH01 _h0607 |
||
| 590 |
_aBATCH-UPD _b10 _c20130914 _lUCH01 _h2128 |
||
| 590 |
_aCONVERSION _b10 _c20130109 _lUCH01 _h1315 |
||
| 650 | 1 | 4 |
_aPastos _xAnálisis. _985993 |
| 650 | 1 | 4 |
_aPastos _xFisiología y morfología. _986034 |
| 650 | 1 | 4 |
_aQuímica vegetal. _993602 |
| 700 | 0 |
_aBailey, R. W. _99449 |
|
| 901 | _aBK | ||
| 942 | _cLIBRO | ||
| 949 |
_a584.9 B8 _bBC _cLIBRO _d33724000355384 _eLIBRO _fv.2 _h42163 _i31348 _si |
||
| 949 |
_a584.9 B8 _bBC _cLIBRO _d33724000689568 _eLIBRO _fv.1 _h42162 _i31348 _si |
||
| 999 |
_c26275 _d26275 |
||